00317nam a2200133Ia 4500008004100000020001800041041000800059082001800067100001700085245002700102250000600129260004000135300000800175210716s2011 xx 000 0 und d a9788173717475 aeng a658.1599 SHAG aShailaja, G. aInternational finance. a2 aNew DelhibUniversities Pressc2011 a517